000
00269nam a2200109Ia 4500
001
588675
005
20250717120836.0
008
250717s9999 xx 000 0 und d
245
0
_a
Y-2 KÖSEM SULTAN
_c
ERHAN AFYONCU
260
_b
YEDİTEPE YAYINLARI
_c
2018
300
_b
330
999
_c
588675
_d
588675